000 00689nam a2200217Ia 4500
003 IN-BaIIA
008 211028s9999 xx s 000 0 eng d
020 _a978-0-511777-53-0 (Online)
020 _a978-0-521515-32-0 (Print)
040 _cIIA Library
100 _aProsperetti, Andrea
_938041
245 0 _aAdvanced Mathematics for Applications
_h[eBook]
250 _a1st ed.
260 _aCambridge
_bCambridge University Press
_c2012
300 _aOnline resource
650 _aEngineering
_981
650 _aMathematical Modeling and Methods
_938042
650 _aMathematics
_982
856 _uhttps://doi.org/10.1017/CBO9780511777530
_yClick Here to Access eBook
942 _cEB
999 _c20546
_d20546